Implementing virtual private networks

This book is written in three part. Part 1 presents the fundamentals of VPN technology. Part 2 is the next logical step in VPN technology: The basics, installing a VPN, troubleshooting VPNs, maintaining a VPN. This third part of the book discusses security with VPNs.

Uloženo v:
Podrobná bibliografie
Hlavní autor: Steven Brown
Médium: Kniha
Jazyk:Undetermined
Vydáno: New York McGraw-Hill 2000
Témata:
Tagy: Přidat tag
Žádné tagy, Buďte první, kdo otaguje tento záznam!
Thư viện lưu trữ: Trung tâm Học liệu Trường Đại học Cần Thơ
LEADER 00834nam a2200205Ia 4500
001 CTU_37557
008 210402s9999 xx 000 0 und d
020 |b 825.000đ 
082 |a 004.68 
082 |b B881 
100 |a Steven Brown 
245 0 |a Implementing virtual private networks 
245 0 |c Steven Brown 
260 |a New York 
260 |b McGraw-Hill 
260 |c 2000 
520 |a This book is written in three part. Part 1 presents the fundamentals of VPN technology. Part 2 is the next logical step in VPN technology: The basics, installing a VPN, troubleshooting VPNs, maintaining a VPN. This third part of the book discusses security with VPNs. 
650 |a client/server computing,extranets ( computer networks ),internet 
904 |i Minh, 000802 
980 |a Trung tâm Học liệu Trường Đại học Cần Thơ